[Event "Junior-SM"]
[Site "Örebro"]
[Date "2013.07.06"]
[Round "1"]
[White "Rydström, Tom"]
[Black "Cederstam Barsk, Carl"]
[Result "0-1"]
[BlackElo "2232"]
[WhiteElo "2172"]

1. d4 {[%clk 1:30:58]} d6 {[%clk 1:28:45]} 2. e4 {[%clk 1:31:12]} c6
{[%clk 1:28:05]} 3. Nc3 {[%clk 1:30:38]} Nf6 {[%clk 1:26:45]} 4. f3
{[%clk 1:24:42]} e5 {[%clk 1:25:37]} 5. Nge2 {[%clk 1:24:11]} Be7
{[%clk 1:24:54]} 6. Be3 {[%clk 1:21:37]} Qa5 {[%clk 1:18:14]} 7. Qd2
{[%clk 1:11:33]} Be6 {[%clk 0:56:35]} 8. g4 {[%clk 1:04:24]} h6 {[%clk 0:56:22]}
9. Ng3 {[%clk 1:04:32]} exd4 {[%clk 0:47:50]} 10. Bxd4 {[%clk 0:53:35]} c5
{[%clk 0:46:54]} 11. Be3 {[%clk 0:46:21]} d5 {[%clk 0:45:42]} 12. exd5
{[%clk 0:45:02]} Nxd5 {[%clk 0:45:36]} 13. Nxd5 {[%clk 0:45:22]} Qxd2+
{[%clk 0:46:00]} 14. Kxd2 {[%clk 0:43:58]} Bxd5 {[%clk 0:46:22]} 15. Nf5
{[%clk 0:31:51]} Bxf3 {[%clk 0:39:14]} 16. Rg1 {[%clk 0:27:19]} Bg5
{[%clk 0:21:14]} 17. Re1 {[%clk 0:03:02]} Kf8 {[%clk 0:20:03]} 18. Bc4
{[%clk 0:03:22]} Nc6 {[%clk 0:18:12]} 19. h4 {[%clk 0:02:55]} Ne5
{[%clk 0:16:39]} 20. Bb3 {[%clk 0:00:49]} Bxe3+ {[%clk 0:15:26]} 21. Rxe3
{[%clk 0:01:09]} f6 {[%clk 0:15:53]} 22. Rg3 {[%clk 0:00:32]} Bc6
{[%clk 0:15:13]} 23. Rc3 {[%clk 0:00:31]} Rd8+ {[%clk 0:14:53]} 24. Ke3
{[%clk 0:00:40]} g6 {[%clk 0:15:08]} 0-1

[Event "Junior-SM"]
[Site "Örebro"]
[Date "2013.07.06"]
[Round "1"]
[White "Bengtsson, Jessica"]
[Black "Ölund, Joar"]
[Result "0-1"]
[BlackElo "2237"]
[WhiteElo "1917"]

1. e4 g6 2. d4 Bg7 3. Nc3 d6 4. Be3 a6 5. Bd3 b5 6. Nf3 Nd7 7. a4 b4 8. Ne2 c5 9.
c3 bxc3 10. bxc3 Qc7 11. O-O Ngf6 12. a5 Bb7 13. Ng3 Rc8 14. Qe2 c4 15. Bc2 e5
16. d5 O-O 17. Nd2 Bxd5 18. exd5 Nxd5 19. Ra3 f5 20. Bb6 N7xb6 21. axb6 Nxb6 22.
Rxa6 d5 23. Nf3 f4 24. Nh1 Ra8 25. Rfa1 Rxa6 26. Rxa6 Bf6 27. g3 g5 28. Bf5 Kh8
29. Qa2 e4 30. Ra7 Qd6 31. Nd2 Bxc3 32. Bxh7 Bg7 33. Bxe4 dxe4 34. Qc2 Qd3 35.
Qxd3 exd3 36. Rb7 c3 37. Rxb6 cxd2 38. Rb1 Rc8 0-1

[Event "Junior-SM"]
[Site "Örebro"]
[Date "2013.07.06"]
[Round "1"]
[White "Berggren Torell, Harald"]
[Black "Ollén, Martin"]
[Result "1-0"]
[BlackElo "1883"]
[WhiteElo "2100"]

1. f4 {[%clk 1:30:57]} c5 {[%clk 1:30:25]} 2. Nf3 {[%clk 1:31:21]} Nc6
{[%clk 1:30:43]} 3. g3 {[%clk 1:31:32]} g6 {[%clk 1:30:07]} 4. Bg2
{[%clk 1:31:43]} Bg7 {[%clk 1:30:15]} 5. d3 {[%clk 1:31:57]} d6 {[%clk 1:28:25]}
6. O-O {[%clk 1:32:17]} Nf6 {[%clk 1:28:11]} 7. Nc3 {[%clk 1:31:39]} O-O
{[%clk 1:27:46]} 8. e4 {[%clk 1:27:15]} Qb6 {[%clk 1:20:21]} 9. h3
{[%clk 1:19:20]} Bd7 {[%clk 1:09:00]} 10. Kh2 {[%clk 0:55:46]} Rac8
{[%clk 1:05:38]} 11. g4 {[%clk 0:46:08]} Nd4 {[%clk 1:02:32]} 12. f5
{[%clk 0:42:35]} Bc6 {[%clk 0:59:13]} 13. Ng5 {[%clk 0:33:40]} h6
{[%clk 0:51:06]} 14. Nf3 {[%clk 0:32:33]} Nxf3+ {[%clk 0:46:12]} 15. Qxf3
{[%clk 0:31:40]} Nd7 {[%clk 0:42:57]} 16. Nd1 {[%clk 0:26:15]} Kh7
{[%clk 0:40:27]} 17. h4 {[%clk 0:22:28]} Ne5 {[%clk 0:38:38]} 18. Qe2
{[%clk 0:22:51]} Qd8 {[%clk 0:38:18]} 19. g5 {[%clk 0:18:16]} h5 {[%clk 0:35:20]}
20. Ne3 {[%clk 0:17:23]} Re8 {[%clk 0:33:55]} 21. c3 {[%clk 0:16:40]} Bb5
{[%clk 0:33:53]} 22. c4 {[%clk 0:16:41]} Bc6 {[%clk 0:33:19]} 23. Bd2
{[%clk 0:13:58]} d5 {[%clk 0:30:13]} 24. exd5 {[%clk 0:12:50]} Qd6
{[%clk 0:30:24]} 25. Kh1 {[%clk 0:12:06]} Bd7 {[%clk 0:27:28]} 26. Be4
{[%clk 0:12:25]} Kg8 {[%clk 0:26:33]} 27. Be1 {[%clk 0:11:21]} e6
{[%clk 0:24:26]} 28. fxe6 {[%clk 0:11:20]} fxe6 {[%clk 0:24:27]} 29. Bg3
{[%clk 0:11:13]} exd5 {[%clk 0:24:32]} 30. Nxd5 {[%clk 0:10:20]} Qe6
{[%clk 0:21:48]} 31. Nf6+ {[%clk 0:10:10]} Bxf6 {[%clk 0:21:46]} 32. Rxf6
{[%clk 0:10:06]} Qh3+ {[%clk 0:21:09]} 33. Qh2 {[%clk 0:10:24]} Qxh2+
{[%clk 0:20:27]} 34. Bxh2 {[%clk 0:10:51]} Ng4 {[%clk 0:20:16]} 35. Rxg6+
{[%clk 0:10:08]} Kh8 {[%clk 0:17:52]} 36. Bg1 {[%clk 0:09:26]} Re7
{[%clk 0:14:30]} 37. Rf1 {[%clk 0:09:26]} Ba4 {[%clk 0:12:53]} 38. b3
{[%clk 0:07:03]} Bd7 {[%clk 0:12:44]} 39. Bxb7 {[%clk 0:05:17]} Rce8
{[%clk 0:10:18]} 40. Bxc5 {[%clk 0:34:29]} 1-0

[Event "Junior-SM"]
[Site "Örebro"]
[Date "2013.07.06"]
[Round "1"]
[White "Lokander, Martin"]
[Black "Olofsson-Dolk, Mattis"]
[Result "1-0"]
[BlackElo "2113"]
[WhiteElo "2238"]

1. d4 {[%clk 1:30:53]} Nf6 {[%clk 1:30:51]} 2. Bg5 {[%clk 1:31:18]} e6
{[%clk 1:31:06]} 3. e4 {[%clk 1:31:39]} h6 {[%clk 1:30:58]} 4. Bxf6
{[%clk 1:32:02]} Qxf6 {[%clk 1:31:21]} 5. Nc3 {[%clk 1:32:27]} d6
{[%clk 1:31:17]} 6. Qd2 {[%clk 1:32:51]} g5 {[%clk 1:31:03]} 7. h4
{[%clk 1:33:10]} Bg7 {[%clk 1:31:14]} 8. hxg5 {[%clk 1:33:34]} hxg5
{[%clk 1:31:32]} 9. Rxh8+ {[%clk 1:34:00]} Bxh8 {[%clk 1:31:53]} 10. Nf3
{[%clk 1:34:28]} g4 {[%clk 1:23:58]} 11. e5 {[%clk 1:34:40]} Qe7 {[%clk 1:22:03]}
12. Nb5 {[%clk 1:35:05]} Na6 {[%clk 1:08:18]} 13. exd6 {[%clk 1:24:27]} cxd6
{[%clk 1:07:17]} 14. Nh2 {[%clk 1:18:10]} Bd7 {[%clk 0:48:43]} 15. O-O-O
{[%clk 1:16:12]} f5 {[%clk 0:37:27]} 16. Qf4 {[%clk 1:14:50]} Bxb5
{[%clk 0:35:15]} 17. Bxb5+ {[%clk 1:15:15]} Kd8 {[%clk 0:35:25]} 18. Nf1
{[%clk 1:09:58]} Nc7 {[%clk 0:33:48]} 19. Bc4 {[%clk 1:10:09]} Bf6
{[%clk 0:32:03]} 20. Kb1 {[%clk 1:09:38]} d5 {[%clk 0:30:50]} 21. Bd3
{[%clk 1:07:32]} Kd7 {[%clk 0:29:41]} 22. c4 {[%clk 1:04:34]} a6 {[%clk 0:24:34]}
23. Nd2 {[%clk 0:58:07]} Rh8 {[%clk 0:20:19]} 24. Nb3 {[%clk 0:58:05]} Bg5
{[%clk 0:15:38]} 25. Qe5 {[%clk 0:58:11]} Bf6 {[%clk 0:14:08]} 26. Qe1
{[%clk 0:58:13]} Kc8 {[%clk 0:12:58]} 27. cxd5 {[%clk 0:58:07]} Nxd5
{[%clk 0:12:54]} 28. Nc5 {[%clk 0:58:08]} Nf4 {[%clk 0:05:21]} 29. Bxa6
{[%clk 0:55:14]} bxa6 {[%clk 0:04:47]} 30. Qa5 {[%clk 0:55:37]} Qd6
{[%clk 0:04:26]} 31. Rc1 {[%clk 0:55:14]} Bd8 {[%clk 0:02:36]} 32. Qb4
{[%clk 0:50:34]} Qc6 {[%clk 0:01:40]} 33. Nb3 {[%clk 0:49:25]} Rh1
{[%clk 0:00:32]} 34. Rxh1 {[%clk 0:49:41]} Nd3 {[%clk 0:00:34]} 35. Qc3
{[%clk 0:47:43]} Qxc3 {[%clk 0:00:34]} 36. bxc3 {[%clk 0:48:07]} Nxf2
{[%clk 0:00:41]} 37. Rh6 {[%clk 0:47:56]} Ne4 {[%clk 0:00:35]} 38. Rxe6
{[%clk 0:47:40]} Nxc3+ {[%clk 0:00:46]} 39. Kc2 {[%clk 0:47:15]} Nd5
{[%clk 0:00:38]} 40. Nc5 {[%clk 1:17:07]} Nf4 {[%clk 0:30:37]} 41. Rxa6
{[%clk 1:17:27]} Be7 {[%clk 0:29:35]} 42. Ra8+ {[%clk 1:14:06]} Kc7
{[%clk 0:29:57]} 43. Ra7+ {[%clk 1:14:33]} Kd6 {[%clk 0:30:04]} 44. Rd7+
{[%clk 1:14:47]} 1-0

[Event "Junior-SM"]
[Site "Örebro"]
[Date "2013.07.06"]
[Round "1"]
[White "Kassani, Sam"]
[Black "Arvidsson, Rasmus"]
[Result "1-0"]
[BlackElo "1870"]
[WhiteElo "2172"]

1. d4 {[%clk 1:30:14]} Nf6 {[%clk 1:30:49]} 2. Nf3 {[%clk 1:30:32]} g6
{[%clk 1:30:01]} 3. Bf4 {[%clk 1:30:22]} Bg7 {[%clk 1:29:17]} 4. e3
{[%clk 1:30:40]} d6 {[%clk 1:28:53]} 5. Be2 {[%clk 1:30:54]} O-O {[%clk 1:28:14]}
6. h3 {[%clk 1:31:00]} Re8 {[%clk 1:24:45]} 7. O-O {[%clk 1:31:20]} Nbd7
{[%clk 1:21:58]} 8. c4 {[%clk 1:29:30]} Nb6 {[%clk 1:13:41]} 9. Bh2
{[%clk 1:14:39]} c6 {[%clk 1:00:25]} 10. Nc3 {[%clk 1:12:45]} Be6
{[%clk 0:57:25]} 11. b3 {[%clk 1:11:18]} c5 {[%clk 0:46:54]} 12. Rc1
{[%clk 1:03:03]} Qc8 {[%clk 0:41:27]} 13. a3 {[%clk 0:47:58]} cxd4
{[%clk 0:29:25]} 14. Nxd4 {[%clk 0:44:55]} Bd7 {[%clk 0:28:40]} 15. b4
{[%clk 0:39:44]} a5 {[%clk 0:20:44]} 16. Ncb5 {[%clk 0:33:35]} axb4
{[%clk 0:18:41]} 17. axb4 {[%clk 0:33:50]} Bxb5 {[%clk 0:18:18]} 18. Nxb5
{[%clk 0:33:41]} Qd7 {[%clk 0:18:18]} 19. c5 {[%clk 0:32:45]} Nbd5
{[%clk 0:16:32]} 20. cxd6 {[%clk 0:30:30]} exd6 {[%clk 0:16:17]} 21. Nxd6
{[%clk 0:28:07]} Re7 {[%clk 0:15:21]} 22. Qb3 {[%clk 0:21:16]} Qa4
{[%clk 0:13:43]} 23. Rc8+ {[%clk 0:19:04]} Bf8 {[%clk 0:12:33]} 24. Qxa4
{[%clk 0:18:04]} Rxa4 {[%clk 0:12:50]} 25. b5 {[%clk 0:17:19]} b6
{[%clk 0:09:27]} 26. Bf3 {[%clk 0:15:09]} Re6 {[%clk 0:07:34]} 27. e4
{[%clk 0:13:05]} Ne7 {[%clk 0:06:10]} 28. Rd8 {[%clk 0:12:32]} Kg7
{[%clk 0:05:45]} 29. e5 {[%clk 0:12:26]} Nfd5 {[%clk 0:03:56]} 30. Bg4
{[%clk 0:10:03]} 1-0

[Event "Junior-SM"]
[Site "Örebro"]
[Date "2013.07.07"]
[Round "2"]
[White "Cederstam Barsk, Carl"]
[Black "Arvidsson, Rasmus"]
[Result "1-0"]
[BlackElo "1870"]
[WhiteElo "2232"]

1. d4 {[%clk 1:30:56]} d5 {[%clk 1:30:51]} 2. c4 {[%clk 1:30:49]} c6
{[%clk 1:31:03]} 3. Nf3 {[%clk 1:30:56]} a6 {[%clk 1:30:47]} 4. b3
{[%clk 1:28:58]} Nf6 {[%clk 1:30:24]} 5. Nbd2 {[%clk 1:27:39]} Bg4
{[%clk 1:27:23]} 6. Qc2 {[%clk 1:26:38]} e6 {[%clk 1:21:00]} 7. e3
{[%clk 1:26:46]} Bb4 {[%clk 1:18:21]} 8. a3 {[%clk 1:22:34]} Be7 {[%clk 1:07:19]}
9. Bd3 {[%clk 1:21:40]} O-O {[%clk 1:06:15]} 10. Ne5 {[%clk 1:20:28]} Bh5
{[%clk 1:02:48]} 11. c5 {[%clk 1:18:44]} Nbd7 {[%clk 0:56:33]} 12. f4
{[%clk 1:18:37]} Bg6 {[%clk 0:53:29]} 13. Nxg6 {[%clk 1:17:01]} fxg6
{[%clk 0:52:34]} 14. Nf3 {[%clk 1:14:43]} Re8 {[%clk 0:48:50]} 15. O-O
{[%clk 1:14:14]} b6 {[%clk 0:44:18]} 16. b4 {[%clk 1:14:34]} a5 {[%clk 0:43:51]}
17. Bd2 {[%clk 1:13:12]} axb4 {[%clk 0:40:16]} 18. axb4 {[%clk 1:13:35]} b5
{[%clk 0:39:49]} 19. Ra5 {[%clk 1:09:24]} Rxa5 {[%clk 0:35:44]} 20. bxa5
{[%clk 1:09:53]} Nb8 {[%clk 0:36:05]} 21. h3 {[%clk 1:08:08]} Na6
{[%clk 0:30:32]} 22. g4 {[%clk 1:05:59]} Qb8 {[%clk 0:27:28]} 23. Kg2
{[%clk 0:57:16]} Bd8 {[%clk 0:26:23]} 24. Rh1 {[%clk 0:51:59]} Qb7
{[%clk 0:25:09]} 25. g5 {[%clk 0:41:23]} Ne4 {[%clk 0:23:44]} 26. Bxe4
{[%clk 0:40:17]} dxe4 {[%clk 0:24:06]} 27. Qxe4 {[%clk 0:40:45]} b4
{[%clk 0:16:55]} 28. Ne5 {[%clk 0:39:35]} Nb8 {[%clk 0:16:01]} 29. Ra1
{[%clk 0:37:10]} Qb5 {[%clk 0:11:42]} 30. Qd3 {[%clk 0:37:39]} 1-0

[Event "Junior-SM"]
[Site "Örebro"]
[Date "2013.07.07"]
[Round "2"]
[White "Rydström, Tom"]
[Black "Bengtsson, Jessica"]
[Result "1-0"]
[BlackElo "1917"]
[WhiteElo "2172"]

1. e4 e5 2. Nc3 Nf6 3. g3 d5 4. exd5 Nxd5 5. Qe2 Nc6 6. d3 Bb4 7. Bd2 O-O 8. Bg2
Nd4 9. Qd1 c6 10. h3 Bf5 11. a3 Ba5 12. Nf3 Nxc3 13. Bxc3 Bxc3+ 14. bxc3 Nxf3+
15. Qxf3 Qd7 16. g4 Be6 17. O-O f5 18. g5 e4 19. Qf4 Rad8 20. Rfe1 exd3 21. cxd3
Bd5 22. Bf1 Rde8 23. c4 Bf7 24. d4 Re4 25. Rxe4 fxe4 26. Qxe4 Bg6 27. Qh4 Qd6 28.
c5 Qe7 29. Qg3 Bh5 30. Bg2 a6 31. Qe3 Qd7 32. Rb1 Bf7 33. Qe5 Bg6 34. Rd1 Bh5 35.
Rb1 Bg6 36. Rd1 Bh5 37. Rd2 Re8 38. Qf4 Rf8 39. Qe5 Re8 40. Qf4 Rf8 41. Qg3 Qe7
42. Qe3 Qf7 43. d5 Bf3 44. Bxf3 Qxf3 45. Qxf3 Rxf3 46. d6 Rf8 47. Re2 Rb8 48. Re7
Kf8 49. Rc7 b6 50. d7 Rd8 51. cxb6 1-0

[Event "Junior-SM"]
[Site "Örebro"]
[Date "2013.07.07"]
[Round "2"]
[White "Ollén, Martin"]
[Black "Lokander, Martin"]
[Result "0-1"]
[BlackElo "2238"]
[WhiteElo "1883"]

1. e4 {[%clk 1:30:51]} e5 {[%clk 1:30:56]} 2. Nf3 {[%clk 1:31:06]} Nc6
{[%clk 1:31:21]} 3. Bb5 {[%clk 1:31:29]} a6 {[%clk 1:31:22]} 4. Ba4
{[%clk 1:31:32]} Nf6 {[%clk 1:31:47]} 5. Qe2 {[%clk 1:31:54]} b5 {[%clk 1:31:15]}
6. Bb3 {[%clk 1:32:16]} Bc5 {[%clk 1:31:27]} 7. d3 {[%clk 1:31:44]} O-O
{[%clk 1:31:33]} 8. Bg5 {[%clk 1:31:08]} h6 {[%clk 1:31:57]} 9. Bh4
{[%clk 1:31:26]} Be7 {[%clk 1:32:18]} 10. c3 {[%clk 1:19:04]} d6 {[%clk 1:30:32]}
11. O-O {[%clk 1:14:43]} Nh5 {[%clk 1:29:10]} 12. Bxe7 {[%clk 1:12:58]} Qxe7
{[%clk 1:27:09]} 13. Nbd2 {[%clk 1:02:58]} Be6 {[%clk 1:19:48]} 14. Bc2
{[%clk 1:01:48]} Qf6 {[%clk 1:13:51]} 15. Qe3 {[%clk 1:00:14]} Rfe8
{[%clk 1:12:35]} 16. Rfe1 {[%clk 0:53:45]} Nf4 {[%clk 1:11:21]} 17. d4
{[%clk 0:52:37]} Bh3 {[%clk 1:10:57]} 18. g3 {[%clk 0:45:12]} Ng2
{[%clk 1:11:15]} 19. Qd3 {[%clk 0:45:18]} Nxe1 {[%clk 1:11:36]} 20. Rxe1
{[%clk 0:45:36]} g6 {[%clk 1:08:23]} 21. Qe3 {[%clk 0:42:42]} Qg7
{[%clk 1:08:38]} 22. Nh4 {[%clk 0:42:15]} exd4 {[%clk 1:08:05]} 23. cxd4
{[%clk 0:42:17]} Nxd4 {[%clk 1:08:19]} 24. Bb1 {[%clk 0:42:10]} c5
{[%clk 1:07:46]} 25. f4 {[%clk 0:41:41]} Nf5 {[%clk 1:07:50]} 26. Nxf5
{[%clk 0:39:59]} gxf5 {[%clk 1:07:57]} 27. e5 {[%clk 0:40:04]} dxe5
{[%clk 1:07:33]} 28. fxe5 {[%clk 0:39:54]} Rad8 {[%clk 1:07:55]} 29. Nf3
{[%clk 0:38:28]} Bg4 {[%clk 1:08:21]} 30. Nh4 {[%clk 0:30:28]} Rd5
{[%clk 1:08:45]} 31. Qf2 {[%clk 0:30:20]} Rdxe5 {[%clk 1:08:58]} 32. Rxe5
{[%clk 0:30:25]} Qxe5 {[%clk 1:09:15]} 33. Bxf5 {[%clk 0:30:30]} Bxf5
{[%clk 1:09:17]} 34. Nxf5 {[%clk 0:30:53]} Qe1+ {[%clk 1:09:38]} 0-1

[Event "Junior-SM"]
[Site "Örebro"]
[Date "2013.07.07"]
[Round "2"]
[White "Olofsson-Dolk, Mattis"]
[Black "Kassani, Sam"]
[Result "1/2-1/2"]
[BlackElo "2172"]
[WhiteElo "2113"]

1. e4 {[%clk 1:30:57]} c5 {[%clk 1:29:20]} 2. Nf3 {[%clk 1:31:18]} g6
{[%clk 1:29:45]} 3. d4 {[%clk 1:31:41]} cxd4 {[%clk 1:30:12]} 4. Nxd4
{[%clk 1:32:03]} Nc6 {[%clk 1:30:38]} 5. Nc3 {[%clk 1:32:18]} Bg7
{[%clk 1:31:04]} 6. Be3 {[%clk 1:32:34]} Nf6 {[%clk 1:31:27]} 7. Bc4
{[%clk 1:32:49]} O-O {[%clk 1:31:49]} 8. Bb3 {[%clk 1:33:08]} a5 {[%clk 1:32:06]}
9. O-O {[%clk 1:33:02]} d6 {[%clk 1:32:34]} 10. Ndb5 {[%clk 1:31:13]} b6
{[%clk 1:30:26]} 11. f3 {[%clk 1:26:43]} Ba6 {[%clk 1:23:03]} 12. a4
{[%clk 1:26:07]} Nd7 {[%clk 1:23:12]} 13. Qd2 {[%clk 1:20:19]} Nc5
{[%clk 1:17:03]} 14. Bd5 {[%clk 1:12:41]} Rc8 {[%clk 1:16:31]} 15. Bxc6
{[%clk 1:07:59]} Rxc6 {[%clk 1:16:53]} 16. Bd4 {[%clk 1:08:02]} Qd7
{[%clk 1:11:30]} 17. Bxg7 {[%clk 1:03:54]} Kxg7 {[%clk 1:11:48]} 18. Rfd1
{[%clk 1:01:54]} Bxb5 {[%clk 1:00:44]} 19. Nxb5 {[%clk 0:58:34]} f6
{[%clk 0:54:19]} 20. Qe2 {[%clk 0:47:58]} Rfc8 {[%clk 0:26:18]} 21. Nd4
{[%clk 0:44:56]} R6c7 {[%clk 0:26:45]} 22. Nb5 {[%clk 0:45:18]} Rb7
{[%clk 0:22:38]} 23. c3 {[%clk 0:42:35]} Ne6 {[%clk 0:19:07]} 24. Qd2
{[%clk 0:33:26]} 1/2-1/2

[Event "Junior-SM"]
[Site "Örebro"]
[Date "2013.07.07"]
[Round "2"]
[White "Ölund, Joar"]
[Black "Berggren Torell, Harald"]
[Result "1/2-1/2"]
[BlackElo "2100"]
[WhiteElo "2237"]

1. d4 {[%clk 1:30:14]} d6 {[%clk 1:30:49]} 2. c4 {[%clk 1:30:14]} e5
{[%clk 1:30:49]} 3. Nf3 {[%clk 1:30:14]} e4 {[%clk 1:30:49]} 4. Ng5
{[%clk 1:30:14]} f5 {[%clk 1:30:49]} 5. Nc3 {[%clk 1:30:14]} c6 {[%clk 1:30:49]}
6. g3 {[%clk 1:30:14]} Be7 {[%clk 1:30:49]} 7. Nh3 {[%clk 1:30:14]} Nf6
{[%clk 1:30:49]} 8. Bg2 {[%clk 1:30:14]} Qb6 {[%clk 1:30:49]} 9. Bf1
{[%clk 1:29:58]} Qd8 {[%clk 1:32:43]} 10. Bg2 {[%clk 1:30:13]} Qb6
{[%clk 1:27:01]} 11. a3 {[%clk 1:23:24]} Qa6 {[%clk 1:20:07]} 12. b3
{[%clk 1:18:22]} d5 {[%clk 1:13:01]} 13. cxd5 {[%clk 1:01:46]} cxd5
{[%clk 1:12:41]} 14. O-O {[%clk 1:00:58]} Be6 {[%clk 1:12:02]} 15. Bg5
{[%clk 0:57:46]} Nbd7 {[%clk 1:11:04]} 16. a4 {[%clk 0:54:46]} O-O
{[%clk 1:01:34]} 17. Nb5 {[%clk 0:53:43]} Qb6 {[%clk 0:55:21]} 18. Bf4
{[%clk 0:52:31]} Rac8 {[%clk 0:41:55]} 19. Nc7 {[%clk 0:47:36]} Rxc7
{[%clk 0:37:00]} 20. a5 {[%clk 0:47:48]} Qc6 {[%clk 0:37:25]} 21. Rc1
{[%clk 0:47:15]} Qxc1 {[%clk 0:31:29]} 22. Bxc1 {[%clk 0:47:41]} Rfc8
{[%clk 0:29:59]} 23. Ng5 {[%clk 0:31:19]} Rxc1 {[%clk 0:27:34]} 24. Qxc1
{[%clk 0:31:35]} Rxc1 {[%clk 0:27:58]} 25. Rxc1 {[%clk 0:32:01]} Nf8
{[%clk 0:28:12]} 26. Rc7 {[%clk 0:31:44]} Bd8 {[%clk 0:27:47]} 27. Rxb7
{[%clk 0:32:13]} Bxa5 {[%clk 0:28:08]} 28. Rxa7 {[%clk 0:32:37]} Bb6
{[%clk 0:25:14]} 29. Ra6 {[%clk 0:31:26]} N6d7 {[%clk 0:25:07]} 30. e3
{[%clk 0:31:01]} h6 {[%clk 0:22:45]} 31. Nxe6 {[%clk 0:31:28]} Nxe6
{[%clk 0:23:12]} 32. Ra4 {[%clk 0:28:29]} Kf7 {[%clk 0:22:15]} 33. Bf1
{[%clk 0:28:02]} 1/2-1/2

[Event "Junior-SM"]
[Site "Örebro"]
[Date "2013.07.08"]
[Round "3"]
[White "Lokander, Martin"]
[Black "Ölund, Joar"]
[Result "1-0"]
[BlackElo "2237"]
[WhiteElo "2238"]

1. d4 {[%clk 1:29:30]} Nf6 {[%clk 1:30:41]} 2. Nf3 {[%clk 1:29:47]} g6
{[%clk 1:31:08]} 3. Nc3 {[%clk 1:30:14]} d5 {[%clk 1:30:11]} 4. Bf4
{[%clk 1:29:37]} Bg7 {[%clk 1:30:22]} 5. e3 {[%clk 1:30:01]} O-O {[%clk 1:27:23]}
6. Be2 {[%clk 1:29:59]} c5 {[%clk 1:24:20]} 7. Ne5 {[%clk 1:30:25]} cxd4
{[%clk 1:23:09]} 8. exd4 {[%clk 1:30:50]} Be6 {[%clk 1:22:56]} 9. O-O
{[%clk 1:29:06]} Nfd7 {[%clk 1:22:32]} 10. Bf3 {[%clk 1:24:22]} Nb6
{[%clk 1:15:46]} 11. a4 {[%clk 1:16:11]} a5 {[%clk 1:15:37]} 12. Nb5
{[%clk 1:14:31]} Na6 {[%clk 1:16:04]} 13. Qd2 {[%clk 1:12:15]} f6
{[%clk 1:13:57]} 14. Nd3 {[%clk 1:11:53]} Rc8 {[%clk 1:06:20]} 15. Qxa5
{[%clk 0:52:54]} Rxc2 {[%clk 0:58:16]} 16. Rac1 {[%clk 0:52:01]} Rxc1
{[%clk 0:55:38]} 17. Rxc1 {[%clk 0:52:23]} Nc4 {[%clk 0:55:25]} 18. Qc3
{[%clk 0:40:16]} g5 {[%clk 0:51:07]} 19. b3 {[%clk 0:36:24]} gxf4
{[%clk 0:46:48]} 20. bxc4 {[%clk 0:35:29]} Bh6 {[%clk 0:47:10]} 21. Nc5
{[%clk 0:28:59]} Nxc5 {[%clk 0:46:06]} 22. dxc5 {[%clk 0:29:25]} dxc4
{[%clk 0:46:12]} 23. Qe1 {[%clk 0:26:39]} Bd5 {[%clk 0:35:56]} 24. Rd1
{[%clk 0:26:10]} e6 {[%clk 0:36:24]} 25. Bxd5 {[%clk 0:25:34]} exd5
{[%clk 0:36:53]} 26. Qe6+ {[%clk 0:25:57]} Kh8 {[%clk 0:37:18]} 27. Nd6
{[%clk 0:25:20]} Qc7 {[%clk 0:36:28]} 28. Qxd5 {[%clk 0:24:14]} c3
{[%clk 0:36:56]} 29. Rc1 {[%clk 0:22:21]} Qe7 {[%clk 0:35:33]} 30. Nf5
{[%clk 0:19:59]} Qd8 {[%clk 0:36:02]} 31. Qd6 {[%clk 0:20:14]} Bg7
{[%clk 0:34:44]} 32. h4 {[%clk 0:17:19]} Qc8 {[%clk 0:32:43]} 33. Nxg7
{[%clk 0:16:37]} Kxg7 {[%clk 0:33:12]} 34. Rxc3 {[%clk 0:16:53]} Qe8
{[%clk 0:26:34]} 35. Rc4 {[%clk 0:15:56]} Qe1+ {[%clk 0:24:34]} 36. Kh2
{[%clk 0:16:21]} Qxf2 {[%clk 0:24:37]} 37. Rxf4 {[%clk 0:16:41]} Qe2
{[%clk 0:24:34]} 38. Rd4 {[%clk 0:14:54]} Re8 {[%clk 0:20:00]} 39. Rb4
{[%clk 0:11:59]} Re4 {[%clk 0:17:29]} 40. Rxb7+ {[%clk 0:37:33]} Kg6
{[%clk 0:47:31]} 41. Qg3+ {[%clk 0:37:54]} Rg4 {[%clk 0:47:52]} 42. Re7
{[%clk 0:33:03]} Qc4 {[%clk 0:33:13]} 43. h5+ {[%clk 0:29:39]} Kh6
{[%clk 0:33:05]} 44. Qe3+ {[%clk 0:29:19]} Rg5 {[%clk 0:33:12]} 45. Re6
{[%clk 0:14:52]} Qf1 {[%clk 0:29:42]} 46. Qd2 {[%clk 0:13:28]} Kxh5
{[%clk 0:21:18]} 47. c6 {[%clk 0:08:38]} Kg6 {[%clk 0:20:40]} 48. Re3
{[%clk 0:08:02]} Rh5+ {[%clk 0:12:07]} 49. Rh3 {[%clk 0:08:14]} Rxh3+
{[%clk 0:11:28]} 50. gxh3 {[%clk 0:08:40]} Qc4 {[%clk 0:11:46]} 51. a5
{[%clk 0:08:46]} Qc5 {[%clk 0:09:57]} 52. a6 {[%clk 0:08:34]} Qe5+
{[%clk 0:10:20]} 53. Kg2 {[%clk 0:08:23]} Qe4+ {[%clk 0:10:45]} 54. Kg1
{[%clk 0:08:43]} Qb1+ {[%clk 0:10:22]} 55. Kh2 {[%clk 0:08:21]} Qb8+
{[%clk 0:06:50]} 56. Kg2 {[%clk 0:08:46]} Kg7 {[%clk 0:06:22]} 57. a7
{[%clk 0:09:01]} Qa8 {[%clk 0:06:36]} 58. Kh2 {[%clk 0:08:10]} Kf7
{[%clk 0:03:51]} 59. Qd7+ {[%clk 0:07:09]} Kg6 {[%clk 0:04:20]} 60. Qd3+
{[%clk 0:07:14]} f5 {[%clk 0:03:09]} 61. Qg3+ {[%clk 0:07:31]} Kh5
{[%clk 0:03:22]} 62. Qb8 {[%clk 0:07:43]} Qxc6 {[%clk 0:03:45]} 63. a8=Q
{[%clk 0:08:03]} Qc2+ {[%clk 0:02:30]} 64. Qg2 {[%clk 0:08:22]} Qa4
{[%clk 0:02:50]} 65. Qbg3 {[%clk 0:08:32]} Qf4 {[%clk 0:03:11]} 66. Qxf4
{[%clk 0:08:51]} 1-0

[Event "Junior-SM"]
[Site "Örebro"]
[Date "2013.07.08"]
[Round "3"]
[White "Bengtsson, Jessica"]
[Black "Cederstam Barsk, Carl"]
[Result "0-1"]
[BlackElo "2232"]
[WhiteElo "1917"]

1. e4 c6 2. d4 d5 3. Nc3 dxe4 4. Nxe4 Bf5 5. Ng3 Bg6 6. Bc4 e6 7. N1e2 Nf6 8. O-O
Bd6 9. f4 Qc7 10. f5 exf5 11. Nxf5 Bxh2+ 12. Kh1 Kf8 13. g3 Bxf5 14. Kxh2 Bg4 15.
Bf4 Qa5 16. Kg1 Nbd7 17. Qd3 Nb6 18. Bb3 h5 19. Bd6+ Kg8 20. Nf4 Bf5 21. Qf3 Be4
22. Qf2 Qg5 23. Ng2 h4 24. Qf4 Qxf4 25. Rxf4 hxg3 26. Rh4 Rxh4 27. Nxh4 Rd8 28.
Bxg3 Rxd4 29. Rf1 Rd7 30. Nf5 c5 31. Ne3 Nfd5 32. Nxd5 Bxd5 33. Bxd5 Rxd5 34. Rf2
Nc4 35. c3 Rd1+ 36. Kh2 Ne3 37. Re2 Nf1+ 38. Kg2 Nxg3 39. Kxg3 Kf8 40. Kf4 Rd6
41. Ke4 0-1

[Event "Junior-SM"]
[Site "Örebro"]
[Date "2013.07.08"]
[Round "3"]
[White "Arvidsson, Rasmus"]
[Black "Olofsson-Dolk, Mattis"]
[Result "0-1"]
[BlackElo "2113"]
[WhiteElo "1870"]

1. e4 {[%clk 1:30:58]} c5 {[%clk 1:30:52]} 2. Nf3 {[%clk 1:31:17]} d6
{[%clk 1:31:14]} 3. d4 {[%clk 1:31:23]} cxd4 {[%clk 1:31:37]} 4. Nxd4
{[%clk 1:31:47]} Nf6 {[%clk 1:31:58]} 5. Nc3 {[%clk 1:31:47]} a6 {[%clk 1:32:19]}
6. f4 {[%clk 1:28:59]} e5 {[%clk 1:32:30]} 7. Nf3 {[%clk 1:29:17]} Nbd7
{[%clk 1:32:29]} 8. a4 {[%clk 1:29:08]} Be7 {[%clk 1:31:59]} 9. Bd3
{[%clk 1:24:37]} O-O {[%clk 1:31:19]} 10. O-O {[%clk 1:21:33]} Nc5
{[%clk 1:30:02]} 11. Kh1 {[%clk 1:13:48]} exf4 {[%clk 1:25:55]} 12. Bxf4
{[%clk 1:11:07]} Bg4 {[%clk 1:26:04]} 13. Qd2 {[%clk 1:05:43]} Re8
{[%clk 1:22:03]} 14. e5 {[%clk 0:56:42]} dxe5 {[%clk 1:20:59]} 15. Nxe5
{[%clk 0:55:46]} Nxd3 {[%clk 1:16:28]} 16. Nxg4 {[%clk 0:50:21]} Nxb2
{[%clk 1:00:48]} 17. Nxf6+ {[%clk 0:43:11]} Bxf6 {[%clk 1:01:01]} 18. Nd5
{[%clk 0:41:54]} Be5 {[%clk 0:55:08]} 19. Bxe5 {[%clk 0:25:09]} Rxe5
{[%clk 0:54:28]} 20. Qd4 {[%clk 0:24:37]} Qxd5 {[%clk 0:53:52]} 21. Qxb2
{[%clk 0:24:44]} Re2 {[%clk 0:53:49]} 22. Rf3 {[%clk 0:23:08]} Rc8
{[%clk 0:51:43]} 23. c4 {[%clk 0:19:01]} Qxf3 {[%clk 0:51:20]} 0-1